000 00262nam a22000857a 4500
008 231208b |||||||| |||| 00| 0 eng d
020 _a9789389962758
100 _aGoyal Brothers Prakashan
_96083
245 _aNCERT MATHEMATICS CLASS X BASIC AND STANDARD QUESTION BANK
999 _c12509
_d12509